[Event "Niederoesterreich Landesliga 0910"]
[Site "Austria"]
[Date "2009.09.06"]
[Round "1"]
[White "Roth, Peter"]
[Black "Fritsch, Klaus"]
[Result "1/2-1/2"]
[WhiteElo "2219"]
[BlackElo "2170"]
[PlyCount "64"]
[EventDate "2009.09.06"]
[EventType "team-tourn"]
[EventRounds "11"]
[EventCountry "AUT"]
[SourceTitle "EXT 2022"]
[Source "ChessBase"]
[SourceDate "2021.10.06"]
[SourceVersion "1"]
[SourceVersionDate "2021.10.06"]
[SourceQuality "1"]

1. e4 e6 2. d4 d5 3. Nc3 Bb4 4. e5 c5 5. a3 Bxc3+ 6. bxc3 Qa5 7. Bd2 Qa4 8. Qb1 c4 9. h4 Nc6 10. h5 h6 11. g4 Bd7 12. Ne2 0-0-0 13. Ng3 Nge7 14. Bh3 f6 15. exf6 gxf6 16. Qc1 e5 17. Bxh6 Rhg8 18. Be3 Bxg4 19. Bxg4+ Rxg4 20. Qd1 Rgg8 21. h6 Qa5 22. h7 Rh8 23. Qg4+ f5 24. Nxf5 Qxc3+ 25. Kf1 Qxa1+ 26. Kg2 Qxh1+ 27. Kxh1 Rxh7+ 28. Kg2 Kb8 29. Nxe7 Nxe7 30. Kf1 exd4 31. Bg5 Rg8 32. Qxd4 Nc6 1/2-1/2

[Event "IECC CL8-2004.02 email"]
[Site "IECC email"]
[Date "2004.02.03"]
[Round "?"]
[White "Fritsch, Klaus"]
[Black "Ballueder, Volker"]
[Result "0-1"]
[WhiteElo "1023"]
[BlackElo "928"]
[PlyCount "54"]
[EventDate "2004.??.??"]
[EventType "tourn (corr)"]
[EventRounds "4"]
[SourceTitle "Corr 2008"]
[Source "ChessBase"]
[SourceDate "2008.06.24"]
[SourceVersion "1"]
[SourceVersionDate "2008.06.24"]
[SourceQuality "1"]

1. e4 e5 2. Nf3 Nc6 3. Bc4 Bc5 4. d3 h6 5. Nc3 Nf6 6. Be3 Bxe3 7. fxe3 0-0 8. 0-0 d6 9. d4 Bg4 10. Qd3 Bxf3 11. Rxf3 exd4 12. exd4 Nb4 13. Qd2 d5 14. Rg3 g5 15. Bd3 Nxd3 16. Qxd3 c6 17. e5 Ne4 18. Nxe4 dxe4 19. Qxe4 f5 20. Qh4 f4 21. Rg4 Qxd4+ 22. Kf1 Qxb2 23. Re1 Qb5+ 24. Re2 Rad8 25. Qxh6 Rd1+ 26. Kf2 Qc5+ 27. Kf3 Rf1+ 0-1

[Event "IECC KO-1041"]
[Site "IECC email"]
[Date "2003.11.24"]
[Round "?"]
[White "Baznik Wilson, Anthony J"]
[Black "Fritsch, Klaus"]
[Result "0-1"]
[WhiteElo "1029"]
[BlackElo "1005"]
[PlyCount "72"]
[EventDate "2003.??.??"]
[EventType "match (corr)"]
[EventRounds "2"]
[SourceTitle "Corr 2020"]
[Source "ChessBase"]
[SourceDate "2019.09.30"]
[SourceVersion "1"]
[SourceVersionDate "2019.09.30"]
[SourceQuality "1"]
[WhiteTeam "United States"]
[BlackTeam "Germany"]
[WhiteTeamCountry "USA"]
[BlackTeamCountry "GER"]

1. d4 d5 2. c4 e6 3. e3 Nc6 4. Nf3 Nf6 5. Nc3 dxc4 6. Bxc4 Bd6 7. 0-0 0-0 8. b3 Bb4 9. Qc2 b6 10. a3 Bd6 11. e4 a5 12. e5 Ng4 13. h3 Nh6 14. Qe4 Be7 15. Nb5 Bb7 16. Bd3 g6 17. Bxh6 Re8 18. Ng5 Bxg5 19. Bxg5 Qxg5 20. Nxc7 Nd8 21. Nxe8 Bxe4 22. Bxe4 Qf4 23. Nf6+ Kg7 24. Rfc1 Rb8 25. g3 Qh6 26. Ne8+ Kf8 27. Nd6 Qxh3 28. Rc7 Kg7 29. Rac1 Qg4 30. f3 Qxg3+ 31. Kf1 b5 32. Re7 a4 33. bxa4 bxa4 34. Ne8+ Kf8 35. Rc8 Rb2 36. d5 Qf2# 0-1